| 000 | 00426nam a22001457a 4500 | ||
|---|---|---|---|
| 999 |
_c18864 _d18864 |
||
| 008 | 210302b xxu||||| |||| 00| 0 eng d | ||
| 020 | _a00710878585 | ||
| 100 | _aMilton, Susan J. | ||
| 245 |
_aProbability and statistics for engineering and computing sciences _cJ. Susan Milton |
||
| 260 |
_aNew York _bMcGrawhill _c2013 |
||
| 300 | _axiv, 431p. | ||
| 700 | _aJesse C. Arnold | ||
| 700 | _aLiu Kwong Ip | ||
| 942 |
_2lcc _cBK |
||